| 000 | 00000nam##2200000za#4500 |
| 001 | 9.688303 |
| 003 | CaOODSP |
| 005 | 20210624231350 |
| 007 | cr ||||||||||| |
| 008 | 150407|2002||||xxc|||||o f|0| 0 eng|d |
| 020 | |a0-662-43169-3 |
| 040 | |aCaOODSP|beng |
| 043 | |an-cn--- |
| 086 | 1 |aIu188-16/1-2006E-PDF |
| 110 | 1 |aCanada.|bIndustry Canada. |bSmall Business Policy Branch. |
| 245 | 10|aFinancing SMEs in Canada : |h[electronic resource]|bbarriers faced by women, youth, Aboriginal and minority entrepreneurs in accessing capital - Phase 1 : literature review |
| 260 | |aVancouver - British Columbia : |bIndustry Canada. |c2002. |
| 300 | |a31p.|breferences, table |
| 590 | |a06-23|b2006-06-09 |
| 590 | |a06-10-Supp|b2006-12-15 |
| 690 | 07|aSmall businesses|2gcpds |
| 690 | 07|aVenture capital|2gcpds |
| 720 | 1 |aHeidrick, Ted |
| 720 | 1 |aNicol, Tracey |
| 775 | 08|tFinancement des PME au Canada : |w(CaOODSP)9.632733 |
| 856 | 40|ahttp://publications.gc.ca|qPDF|s240 KB|uhttps://publications.gc.ca/collections/Collection/Iu188-16-1-2006E.pdf |
| 986 | |a53235E |